000 00620nam a2200265Ia 4500
003 OSt
005 20220912145744.0
006 a|||||r|||| 00| 0
007 ta
008 220909b |||||||| |||| 00| 0 eng d
024 _a75087
037 _cTextual
040 _aCSL
_beng
_cCSL
041 _aeng
082 _aB46, J5;J8
100 _aNarayan Shanti
245 0 _aTextbook of vector calculus
250 _a2
260 _c1955
300 _ap.
_ccm.
650 _aVector
700 _a Kapur J N
942 _hB46, J5;J8
_cTEXL
_2CC
999 _c37633
_d37633